[Event "3rd Mersin Open 2018"]
[Site "Mersin"]
[Date "2018.09.12"]
[Round "4.11"]
[White "Sulak, Yusuf"]
[Black "Ozcan, Berk"]
[Result "0-1"]
[WhiteElo "1625"]
[BlackElo "1617"]
[Annotator "NA"]
[PlyCount "108"]
[EventDate "2018.09.09"]
[EventType "swiss"]
[EventCountry "TUR"]
[SourceTitle "playchess.com"]
[Source "ChessBase"]
[SourceQuality "1"]
[TimeControl "5400+30"]

1. c4 Nf6 2. Nc3 g6 3. g3 Bg7 4. Bg2 O-O 5. e4 d6 6. Nge2 e5 7. O-O Nc6 8. d3 Be6 9. h3 Qd7 10. Kh2 Ne8 11. Be3 Nd4 12. Bxd4 exd4 13. Nd5 c6 14. Ndf4 Nc7 15. b4 f5 16. Nxe6 Nxe6 17. f4 Nc7 18. Qb3 Qe6 19. Rae1 Qf7 20. Ng1 Rae8 21. Nf3 Ne6 22. e5 dxe5 23. Nxe5 Bxe5 24. Rxe5 Ng7 25. Rfe1 Rxe5 26. Rxe5 Re8 27. Qb2 Rxe5 28. fxe5 Ne6 29. b5 f4 30. Qf2 fxg3+ 31. Qxg3 Qc7 32. bxc6 bxc6 33. h4 Kg7 34. h5 Nf8 35. Qf4 Nd7 36. h6+ Kg8 37. Qxd4 Qxe5+ 38. Qxe5 Nxe5 39. d4 Nxc4 40. Bxc6 Ne3 41. d5 Kf7 42. Kg3 Nf5+ 43. Kf4 Ke7 44. Kg5 Nd6 45. Ba4 Nf7+ 46. Kf4 Kd6 47. Bb3 Nxh6 48. Kg5 Ng8 49. Bc4 Ne7 50. Kh6 Nxd5 51. Kxh7 g5 52. Kh6 g4 53. Bf1 g3 54. Kg5 Ne3 0-1

[Event "3rd Mersin Open 2018"]
[Site "Mersin"]
[Date "2018.09.12"]
[Round "4.12"]
[White "Aladag, Begum"]
[Black "Hatirli, Ugur Can"]
[Result "0-1"]
[WhiteElo "1481"]
[BlackElo "1608"]
[Annotator "NA"]
[PlyCount "85"]
[EventDate "2018.09.09"]
[EventType "swiss"]
[EventCountry "TUR"]
[SourceTitle "playchess.com"]
[Source "ChessBase"]
[SourceQuality "1"]
[TimeControl "5400+30"]

1. e4 {[%emt 0:00:30]} c5 {[%emt 0:00:30]} 2. Nc3 {[%emt 0:00:00]} g6 {[%emt 0:00:30]} 3. g3 {[%emt 0:00:00]} Bg7 {[%emt 0:00:00]} 4. Bg2 {[%emt 0:00:00]} e6 {[%emt 0:00:00]} 5. d3 {[%emt 0:00:00]} Nc6 {[%emt 0:00:00]} 6. Be3 {[%emt 0:00:30]} Nd4 {[%emt 0:01:00]} 7. Qd2 {[%emt 0:01:30]} d6 {[%emt 0:01:30]} 8. Nd1 {[%emt 0:02:30]} Ne7 {[%emt 0:02:30]} 9. c3 {[%emt 0:01:30]} Ndc6 {[%emt 0:00:00]} 10. Bh6 {[%emt 0:01:30]} O-O {[%emt 0:00:00]} 11. h4 {[%emt 0:00:00]} f6 {[%emt 0:01:30]} 12. Bxg7 {[%emt 0:07:00]} Kxg7 {[%emt 0:00:30]} 13. h5 {[%emt 0:00:30]} g5 {[%emt 0:01:30]} 14. Nf3 {[%emt 0:01:30]} h6 {[%emt 0:00:00]} 15. Ne3 {[%emt 0:07:30]} b5 {[%emt 0:02:00]} 16. Ng4 {[%emt 0:02:30]} e5 {[%emt 0:04:30]} 17. Nfh2 {[%emt 0:02:30]} Be6 {[%emt 0:01:30]} 18. f4 {[%emt 0:02:30]} Nc8 {[%emt 0:04:30]} 19. Ke2 {[%emt 0:06:30]} b4 {[%emt 0:02:30]} 20. fxg5 {[%emt 0:01:30]} fxg5 {[%emt 0:00:30]} 21. Raf1 {[%emt 0:00:30]} Rxf1 {[%emt 0:03:30]} 22. Rxf1 {[%emt 0:00:30]} Nb6 {[%emt 0:04:30]} 23. Rf6 {[%emt 0:04:30]} Qxf6 {[%emt 0:03:30]} 24. Nxf6 {[%emt 0:00:00]} Kxf6 {[%emt 0:00:00]} 25. Qe1 {[%emt 0:02:00]} Kg7 {[%emt 0:01:00]} 26. a3 {[%emt 0:04:30]} bxa3 {[%emt 0:00:30]} 27. bxa3 {[%emt 0:00:30]} c4 {[%emt 0:00:30]} 28. dxc4 {[%emt 0:02:30]} Nxc4 {[%emt 0:00:30]} 29. Qd1 {[%emt 0:00:30]} Rb8 {[%emt 0:01:30]} 30. g4 {[%emt 0:10:30]} Rb2+ {[%emt 0:00:30]} 31. Kf3 {[%emt 0:00:30]} Rxg2 {[%emt 0:05:30]} 32. Qa4 {[%emt 0:03:30]} Rxh2 {[%emt 0:00:30]} 33. Qxc6 {[%emt 0:00:30]} Rh3+ {[%emt 0:00:30]} 34. Kg2 {[%emt 0:00:00]} Rxc3 {[%emt 0:00:30]} 35. Qc7+ {[%emt 0:00:00]} Bf7 {[%emt 0:00:30]} 36. Qxa7 {[%emt 0:00:30]} Rxa3 {[%emt 0:00:00]} 37. Qd7 {[%emt 0:00:30]} Ra2+ {[%emt 0:01:00]} 38. Kg3 {[%emt 0:00:30]} Re2 {[%emt 0:00:30]} 39. Qc6 {[%emt 0:01:30]} Nd2 {[%emt 0:02:30]} 40. Qa6 {[%emt 0:02:30]} Re3+ {[%emt 0:00:30]} 41. Kf2 {[%emt 0:00:30]} Rxe4 {[%emt 0:00:30]} 42. Qxd6 {[%emt 0:00:30]} Rf4+ {[%emt 0:00:30]} 43. Kg3 {[%emt 0:02:30]} 0-1

[Event "3rd Mersin Open 2018"]
[Site "Mersin"]
[Date "2018.09.12"]
[Round "4.13"]
[White "Gultas, Cinar"]
[Black "Altug, Sertac"]
[Result "1/2-1/2"]
[WhiteElo "1352"]
[BlackElo "1633"]
[Annotator "NA"]
[PlyCount "26"]
[EventDate "2018.09.09"]
[EventType "swiss"]
[EventCountry "TUR"]
[SourceTitle "playchess.com"]
[Source "ChessBase"]
[SourceQuality "1"]
[TimeControl "5400+30"]

1. c4 {[%emt 0:00:30]} e6 {[%emt 0:00:30]} 2. Nc3 {[%emt 0:00:00]} d5 {[%emt 0:00:00]} 3. cxd5 {[%emt 0:00:00]} exd5 {[%emt 0:00:00]} 4. d4 {[%emt 0:00:00]} c6 {[%emt 0:00:00]} 5. g3 {[%emt 0:00:00]} Bd6 {[%emt 0:01:00]} 6. Bg2 {[%emt 0:00:30]} Nf6 {[%emt 0:01:30]} 7. Nf3 {[%emt 0:02:30]} O-O {[%emt 0:02:30]} 8. O-O {[%emt 0:00:00]} Bf5 {[%emt 0:01:30]} 9. Re1 {[%emt 0:03:00]} h6 {[%emt 0:05:30]} 10. Nd2 {[%emt 0:05:30]} Re8 {[%emt 0:02:30]} 11. f3 {[%emt 0:02:30]} Qb6 {[%emt 0:06:30]} 12. Nb3 {[%emt 0:00:30]} Bg6 {[%emt 0:20:30]} 13. e4 {[%emt 0:00:30]} Bf5 {[%emt 0:00:30]} 1/2-1/2

[Event "3rd Mersin Open 2018"]
[Site "Mersin"]
[Date "2018.09.11"]
[Round "4.14"]
[White "Imamverdiyev, Faiq"]
[Black "Subasi, Fidel"]
[Result "*"]
[WhiteElo "1604"]
[BlackElo "1659"]
[Annotator "NA RC"]
[PlyCount "107"]
[EventDate "2018.09.09"]
[EventType "swiss"]
[EventCountry "TUR"]
[SourceTitle "playchess.com"]
[Source "ChessBase"]
[SourceQuality "1"]
[TimeControl "5400+30"]

1. e4 {[%emt 0:00:00]} e6 {[%emt 0:05:30]} 2. d4 {[%emt 0:00:00]} d5 {[%emt 0:00:30]} 3. exd5 {[%emt 0:00:30]} exd5 {[%emt 0:00:30]} 4. Bd3 {[%emt 0:00:30]} c5 {[%emt 0:00:30]} 5. c3 {[%emt 0:01:30]} Nf6 {[%emt 0:05:30]} 6. h3 {[%emt 0:01:30]} Nc6 {[%emt 0:10:30]} 7. Nf3 {[%emt 0:00:30]} Bd6 {[%emt 0:00:30]} 8. O-O {[%emt 0:00:30]} O-O {[%emt 0:00:30]} 9. Bg5 {[%emt 0:00:30]} h6 {[%emt 0:00:30]} 10. Bh4 {[%emt 0:01:30]} Re8 {[%emt 0:04:30]} 11. Re1 {[%emt 0:00:30]} Rxe1+ {[%emt 0:03:30]} 12. Qxe1 {[%emt 0:02:30]} Be6 {[%emt 0:03:30]} 13. Nbd2 {[%emt 0:02:30]} cxd4 {[%emt 0:00:30]} 14. Nxd4 {[%emt 0:00:30]} Nxd4 {[%emt 0:00:30]} 15. cxd4 {[%emt 0:00:30]} Be7 {[%emt 0:15:30]} 16. Rc1 {[%emt 0:03:30]} Qb6 {[%emt 0:15:30]} 17. Nb3 {[%emt 0:02:30]} a5 {[%emt 0:07:30]} 18. Qd2 {[%emt 0:02:30]} Ne4 {[%emt 0:03:40]} 19. Bxe4 {[%emt 0:02:30]} Bxh4 {[%emt 0:00:20]} 20. Bf3 {[%emt 0:01:30]} Bg5 {[%emt 0:00:51]} 21. Qd1 {[%emt 0:02:30]} Bxc1 {[%emt 0:02:08]} 22. Qxc1 {[%emt 0:00:00]} Qd6 {[%emt 0:02:13]} 23. a3 {[%emt 0:03:00]} b6 {[%emt 0:00:27]} 24. Qe3 {[%emt 0:03:30]} Rc8 {[%emt 0:00:45]} 25. Nc1 {[%emt 0:00:30]} Bf5 {[%emt 0:01:28]} 26. Ne2 {[%emt 0:00:30]} Qe6 {[%emt 0:03:56]} 27. Qb3 {[%emt 0:03:30]} Be4 {[%emt 0:02:12]} 28. Nf4 {[%emt 0:00:30]} Qd6 {[%emt 0:00:34]} 29. Ne2 {[%emt 0:02:30]} Bxf3 {[%emt 0:00:43]} 30. Qxf3 {[%emt 0:01:30]} Rc2 {[%emt 0:01:14]} 31. g3 {[%emt 0:00:30]} Qe6 {[%emt 0:00:44]} 32. Nc3 {[%emt 0:02:30]} Rc1+ 33. Kh2 {[%emt 0:00:30]} Qe1 {[%emt 0:01:57]} 34. h4 {[%emt 0:00:30]} Qg1+ {[%emt 0:01:47]} 35. Kh3 {[%emt 0:00:00]} Qf1+ {[%emt 0:00:29]} 36. Kg4 {[%emt 0:01:00]} Qe1 {[%emt 0:01:10]} 37. Nxd5 {[%emt 0:05:30]} Qe6+ {[%emt 0:00:58]} 38. Qf5 {[%emt 0:02:30]} Rc4 {[%emt 0:02:01]} 39. Qxe6 {[%emt 0:02:30]} fxe6 {[%emt 0:00:03]} 40. Nxb6 {[%emt 0:00:00]} Rxd4+ {[%emt 0:00:09]} 41. Kf3 {[%emt 0:00:00]} Rd2 {[%emt 0:00:29]} 42. Nc4 {[%emt 0:00:30]} Rc2 43. Nxa5 {[%emt 0:00:30]} Rxb2 {[%emt 0:00:16]} 44. Nc4 {[%emt 0:00:30]} Rc2 {[%emt 0:00:14]} 45. Ne3 {[%emt 0:00:30]} Rc3 {[%emt 0:00:33]} 46. Kf4 {[%emt 0:00:30]} Rxa3 {[%emt 0:00:11]} 47. Ke5 {[%emt 0:03:30]} Kf7 {[%emt 0:01:08]} 48. g4 {[%emt 0:01:30]} Ra2 {[%emt 0:01:17]} 49. f4 {[%emt 0:00:30]} h5 {[%emt 0:01:04]} 50. gxh5 {[%emt 0:05:30]} Ra5+ {[%emt 0:00:23]} 51. Ke4 {[%emt 0:00:30]} Rxh5 {[%emt 0:00:39]} 52. Ng2 {[%emt 0:00:30]} Kf6 {[%emt 0:00:30]} 53. Kf3 {[%emt 0:00:30]} Ra5 {[%emt 0:00:30]} 54. Kg4 {[%emt 0:00:00]} *